01071cam a22003014a 450000100090000000300040000900500170001300800410003001000170007102000220008804000270011004200080013705000230014508200170016810000240018524500580020926000540026730000340032150400660035565000320042165000290045365000390048265000520052190600450057394200130061899900130063195201250064412509811OSt20170822174608.0010822s2002 nyua b 001 0 eng  a 2001040991 a027365585X (pbk.) aBSUcBSUdDLCbEnglish apcc00aHD30.22b.H43 200200a338.5HEA2211 aHeather, Ken.9140814aThe economics of industries and firms /cKen Heather. aNew York :bFinancial Times/Prentice Hall,c2002. axvi, 256 p. :bill. ;c25 cm. aIncludes bibliographical references (p. [241]-245) and index. 0aManagerial economics.91409 0aCosts, Industrial.91410 0aProduction (Economic theory)91411 0aIndustrial organization (Economic theory)91412 a7bcbccorignewd1eocipf20gy-gencatlg 2ddccRES c540d540 00102ddc40708NFICabsubbsucRESd2011-11-07ePurchasedl0o338.5HEAp24568r2012-11-07 00:00:00t1w2012-11-07yRES